000 01190nam a2200229Ia 4500
001 21696
005 20260407082619.0
008 260320s9999||||xx |||||||||||||| ||und||
020 _a9786123331290
041 _aESP
082 _a345.2
_bA67 T. 2
100 _aArbulú Martínez, Víctor Jimmy,
_eAUT
245 0 _aDerecho procesal penal :
_bun enfoque doctrinario y jurisprudencial
250 _aSegunda edición
260 _aLima :
_bGaceta Jurídica
_c2024
300 _a989 páginas :
_c25 cm.
650 _aCIS
653 _aDerecho; Derecho procesal penal; El proceso penal
654 _aCDE
856 _uhttps://palestra-tirantonline-com.ucsp.lookproxy.com/base/per/biblioteca_virtual/9788411479103?general=derecho+procesal+penal&index=0&navigate_url=%2Fbase%2Fper%2Fbibliotecavirtual%2Fsearches%2Fnavigate%3Ftoken_id%3D68f7ba8d8688ce000b731cd2&next_index=1&num_found=9521&pais=per&route=ser&search_type=bibliotecavirtual&search_url=%2Fbase%2Fper%2Fbibliotecavirtual%2Fsearches%3Findex%3D0%26token_id%3D68f7ba8d8688ce000b731cd2&token_id=68f7ba8d8688ce000b731cd2&tolgeo=latam
_zVéase además: Manual de derecho procesal penal. Versión digital
942 _cLIB
_dJUS
_fTRC
_2ddc
999 _c21696
_d21696